Central Library OPAC University of Rajshahi

‏سواد شام /‏ Savād-i shām / (Record no. 84690)

MARC details
000 -LEADER
fixed length control field 00697cam a22002415a 4500
001 - CONTROL NUMBER
control field 84690
003 - CONTROL NUMBER IDENTIFIER
rucl marc code BD-RjUL
005 - DATE AND TIME OF LATEST TRANSACTION
control field 20250216140826.0
008 - FIXED-LENGTH DATA ELEMENTS--GENERAL INFORMATION
fixed length control field 110111s2009 pk 000 0 urd
035 ## - SYSTEM CONTROL NUMBER
System control number (BD-RjUL)84690
040 ## - CATALOGING SOURCE
Original cataloging agency DLC
Transcribing agency DLC
Language of cataloging eng
041 ## - LANGUAGE CODE
Language code of text/sound track or separate title urd
082 ## - DEWEY DECIMAL CLASSIFICATION NUMBER
Edition number 23
100 1# - MAIN ENTRY--PERSONAL NAME
Personal name رضوی، کمال احمد , ;; Rizvi, Kamal Ahmed
9 (RLIN) 15006
245 10 - TITLE STATEMENT
Title ‏سواد شام /‏ Savād-i shām /
Statement of responsibility, etc. کمال احمد رضوی ;;Kamal Ahmed Rizvi
260 ## - PUBLICATION, DISTRIBUTION, ETC. (IMPRINT)
Place of publication, distribution, etc. Lahore :
Name of publisher, distributor, etc. کتاب منزل katab mazil ,
Date of publication, distribution, etc. 1953
300 ## - PHYSICAL DESCRIPTION
Pagination 378 p. ;
Size 18 cm.
500 ## - GENERAL NOTE
General note Poems.
General note "Majmūʻah-yi kalām"--Cover.
650 ## - SUBJECT ADDED ENTRY--TOPICAL TERM
Topical term or geographic name as entry element Poem
942 ## - ADDED ENTRY ELEMENTS (KOHA)
Source of classification or shelving scheme Dewey Decimal Classification
Koha item type Books
Holdings
Lost status Source of classification or shelving scheme Damaged status Not for loan Collection code Permanent Location Current Location Shelving location Date acquired Source of acquisition Cost, normal purchase price Full call number Date last seen Copy number Koha item type Total Checkouts
  Dewey Decimal Classification   Not For Loan Non-fiction Central Library, University of Rajshahi Central Library, University of Rajshahi Reading Room 11/05/1967 mubarak ali 4.75 U 891.439 RIS 1953 16/02/2025 C-1 Books  
  Dewey Decimal Classification     Non-fiction Central Library, University of Rajshahi Central Library, University of Rajshahi General Stacks 13/08/2025     U 891.439 RIS 1953 13/08/2025 C-2 Books